Statistics for British colonies

Click here to take the quiz!

General Stats

  • This quiz has been taken 23 times
  • The average score is 10 of 13

Answer Stats

Hint Colony % Correct
The Northern half of the islands is mostly TurkishCyprus
96%
City that borders SpainGibraltar
96%
Small country that borders MexicoBelize
91%
A continent and a countryAustralia
91%
Where Quebec isCanada
91%
Where Cleopatra is fromEgypt
87%
Most southern country in AfricaSouth Africa
87%
Two islands in the MediterraneanMalta
83%
Reggae islandsJamaica
78%
British colony in South AmericaGuyana
74%
They still own the Northern part of the islandIreland
70%
Group of islands in the Caribeanthe Bahamas
61%
Annexed from the Ottoman empire in 1918Iraq
39%

Score Distribution

Percentile by Number Answered

Percent of People with Each Score

Your Score History

You have not taken this quiz